Polski Episkopat - Statystyki

Ogólne statystyki
  • Ten quiz został rozwiązany 56 razy
    9 od ostatniego zresetowania
  • Średni wynik to 12 z 92
Statystyki odpowiedzi
funkcja nazwisko % Poprawnych
arcybiskup metropolita krakowski, kardynał Grzegorz Ryś
100%
arcybiskup metropolita wrocławski Józef Kupny
100%
arcybiskup metropolita gnieźnieński, prymas Polski Wojciech Polak
100%
arcybiskup metropolita warszawski Adrian Galbas
75%
arcybiskup metropolita białostocki Józef Guzdek
75%
arcybiskup metropolita gdański Tadeusz Wojda
75%
arcybiskup metropolita częstochowski Wacław Depo
75%
biskup diecezjalny tarnowski Andrzej Jeż
50%
arcybiskup metropolita lubelski Stanisław Budzik
50%
arcybiskup metropolita przemyski Adam Szal
25%
arcybiskup metropolita katowicki Andrzej Przybylski
25%
biskup diecezjalny kaliski Damian Bryl
25%
arcybiskup metropolita archieparchii przemysko-warszawskiej Eugeniusz Popowicz
25%
biskup pomocniczy siedlecki Grzegorz Suchodolski
25%
biskup pomocniczy białostocki Henryk Ciereszko
25%
biskup diecezjalny łomżyński Janusz Stepnowski
25%
biskup diecezjalny rzeszowski Jan Wątroba
25%
biskup diecezjalny siedlecki Kazimierz Gurda
25%
biskup diecezjalny sandomierski Krzysztof Nitkiewicz
25%
biskup pomocniczy kaliski Łukasz Buzun
25%
biskup pomocniczy łódzki Marek Marczak
25%
biskup diecezjalny drohiczyński Piotr Sawczuk
25%
biskup diecezjalny warszawsko-praski Romuald Kamiński
25%
biskup diecezjalny pelpliński Ryszard Kasyna
25%
biskup pomocniczy łomżycki Tadeusz Bronakowski
25%
biskup diecezjalny eparchii wrocławsko-koszalińskiej Włodzimierz Juszczak
25%
arcybiskup metropolita poznański Zbigniew Zieliński
25%
biskup pomocniczy świdnicki Adam Bałabuch
0%
biskup pomocniczy lubelski Adam Piotr Bab
0%
biskup pomocniczy katowicki Adam Wodarczyk
0%
biskup pomocniczy zielonogórsko-gorzowski Adrian Put
0%
biskup diecezjalny opolski Andrzej Czaja
0%
biskup pomocniczy gliwicki Andrzej Iwanecki
0%
biskup pomocniczy kielecki Andrzej Kaleta
0%
biskup diecezjalny legnicki Andrzej Siemieniewski
0%
biskup diecezjalny toruński Arkadiusz Okroj
0%
biskup diecezjalny eparchii olsztyńsko-gdańskiej Arkadiusz Trochanowski
0%
biskup pomocniczy lubelski Artur Miziński
0%
biskup diecezjalny sosnowiecki Artur Ważny
0%
biskup pomocniczy krakowski Damian Muskus
0%
biskup pomocniczy ełcki Dariusz Zalewski
0%
biskup pomocniczy poznański Grzegorz Balcerek
0%
biskup pomocniczy katowicki Grzegorz Olszowski
0%
biskup pomocniczy szczecińsko-kamieński Henryk Wejman
0%
biskup pomocniczy łódzki Ireneusz Pękalski
0%
biskup pomocniczy warszawsko-praski Jacek Grzybowski
0%
biskup pomocniczy wrocławski Jacek Kiciński
0%
biskup pomocniczy poznański Jan Glapiak
0%
biskup diecezjalny kielecki Jan Piotrowski
0%
biskup pomocniczy krakowski Janusz Mastalski
0%
biskup pomocniczy warmiński Janusz Ostrowski
0%
biskup diecezjalny ełcki Jerzy Mazur
0%
arcybiskup metropolita warmiński Józef Górzyński
0%
biskup pomocniczy toruński Józef Szamocki
0%
biskup pomocniczy lubelski Józef Wróbel
0%
biskup pomocniczy przemyski Krzysztof Chudzio
0%
biskup diecezjalny włocławski Krzysztof Wętkowski
0%
biskup diecezjalny bydgoski Krzysztof Włodarczyk
0%
biskup pomocniczy koszalińsko-kołobrzeski Krzysztof Zadarko
0%
biskup pomocniczy tarnowski Leszek Leszkiewicz
0%
biskup pomocniczy wrocławski Maciej Małyga
0%
biskup diecezjalny świdnicki Marek Mendyk
0%
biskup diecezjalny radomski Marek Solarczyk
0%
biskup pomocniczy katowicki Marek Szkudło
0%
biskup pomocniczy kielecki Marian Florczyk
0%
biskup diecezjalny zamojsko-lubaczowski Marian Rojek
0%
biskup pomocniczy wrocławsko-koszaliński Mariusz Dmyterko
0%
biskup pomocniczy zamojsko-lubaczowski Mariusz Leszczyński
0%
biskup pomocniczy warszawski Michał Janocha
0%
biskup pomocniczy płocki Mirosław Milewski
0%
biskup pomocniczy opolski Paweł Stobrawa
0%
biskup pomocniczy bielsko-żywiecki Piotr Greger
0%
biskup pomocniczy warszawski Piotr Jarecki
0%
biskup pomocniczy łódzki Piotr Kleszcz
0%
biskup pomocniczy gdański Piotr Przyborek
0%
biskup pomocniczy radomski Piotr Turzyński
0%
biskup pomocniczy gnieźnieński Radosław Orchowicz
0%
biskup pomocniczy warszawski Rafał Markowski
0%
biskup pomocniczy krakowski Robert Chrząszcz
0%
biskup diecezjalny bielsko-żywiecki Roman Pindel
0%
biskup pomocniczy opolski Rudolf Pierskała
0%
biskup pomocniczy przemyski Stanisław Jamrozek
0%
biskup pomocniczy tarnowski Stanisław Salaterski
0%
biskup diecezjalny płocki Szymon Stułkowski
0%
biskup diecezjalny zielonogórsko-gorzowski Tadeusz Lityński
0%
biskup pomocniczy warszawsko-praski Tomasz Sztajerwald
0%
biskup polowy Wojska Polskiego Wiesław Lechowicz
0%
arcybiskup metropolita szczecińsko-kamieński Wiesław Śmigiel
0%
biskup pomocniczy gdański Wiesław Szlachetka
0%
biskup diecezjalny łowicki Wojciech Osial
0%
biskup diecezjalny elbląski Wojciech Skibicki
0%
biskup pomocniczy łódzki Zbigniew Wołkowicz
0%
Nie znaleziono quizów pasujących do podanych kryteriów
Rozkład punktacji
Procent ludzi z każdym wynikiem
Percentyl według liczby udzielonych odpowiedzi
Twoja historia wyników
Nie rozwiązałeś tego quizu od ostatniego zresetowania